000 00652nam a2200241Ia 4500
003 OSt
005 20220924122656.0
006 a|||||r|||| 00| 0
007 ta
008 220923b |||||||| |||| 00| 0 urd d
020 _c85.00
024 _a318701
037 _cTextual
040 _aARTS
_cARTS
_burd
041 _2urd
_aurd
082 _aO168,3NMA4x, N2
100 _aMasihuzzaman Maliha Au.
_9190314
245 0 _aKaf-e-gulfarosh
260 _aLucknow
_bKhushnuma India
_c1992
650 _aURDU FICTION
_93298
942 _hO168,3NMA4x, N2
_cTEXL
_2CC
999 _c412602
_d412602